000 00422nam a2200181Ia 4500
005 20250423094742.0
008 250422s9999 xx 000 0 und d
020 _a9788188458691
050 _aTA 403 .S56/
100 _aSingh, Parbin
245 0 _aCivil engineering materials
260 _aNew Delhi
260 _bS. K. Kataria & Sons
260 _c2014
300 _a279 p
650 _aMaterials.
942 _cBK
999 _c28188
_d28188